MARC

LEADER 00000nam0a2200000 4500
001 252184
005 20231101232727.0
035 |a (RuTPU)RU\TPU\book\274514 
090 |a 252184 
100 |a 20140227d1988 k y0rusy50 ca 
101 0 |a rus 
102 |a RU 
105 |a a z 001zy 
200 1 |a Математические методы прогнозирования нефтегазоносности в Западной Сибири  |e сборник научных трудов  |f Западно-Сибирский научно-исследовательский геологоразведочный нефтяной институт (ЗапСибНИГНИ) ; под ред. А. М. Волкова 
210 |a Тюмень  |c Изд-во ЗапСибНИГНИ  |d 1988 
215 |a 185 с.  |c ил. 
320 |a Библиография в конце статей 
606 1 |a Нефтегазоносность  |x Оценка прогнозных запасов  |2 stltpush  |3 (RuTPU)RU\TPU\subj\45606  |9 64799 
610 1 |a геофизические исследования 
610 1 |a математические методы 
610 1 |a цифровая обработка 
610 1 |a данные 
610 1 |a картирование 
675 |a 553.98.044  |v 3 
702 1 |a Волков  |b А. М.  |4 340 
712 0 2 |a Западно-Сибирский научно-исследовательский геологоразведочный нефтяной институт (ЗапСибНИГНИ)  |c (Тюмень)  |2 stltpush  |3 (RuTPU)RU\TPU\col\2064 
801 1 |a RU  |b 63413507  |c 20140227 
801 2 |a RU  |b 63413507  |c 20140328  |g RCR 
942 |c BK